Statistics for Largest Nordic Cities on a Map

Click here to take the quiz!

General Stats

  • This quiz has been taken 7,203 times
    (6,525 since last reset)
  • The average score is 15 of 40

Answer Stats

Group City Population % Correct
NorwayOslo634,463
98%
SwedenStockholm952,058
97%
FinlandHelsinki648,650
97%
DenmarkCopenhagen591,481
96%
IcelandReykjavik124,847
95%
SwedenMalmö334,987
83%
SwedenGothenburg565,496
80%
NorwayBergen278,121
76%
DenmarkAarhus330,639
57%
NorwayTrondheim190,464
55%
SwedenUppsala221,141
43%
NorwayTromsø72,681
41%
FinlandTurku190,935
40%
DenmarkAalborg210,316
39%
FinlandTampere234,441
38%
NorwayStavanger130,754
37%
FinlandOulu202,753
34%
DenmarkOdense198,972
33%
FinlandEspoo281,866
22%
SwedenHelsingborg143,671
22%
NorwayKristiansand90,562
21%
SwedenJönköping137,863
20%
SwedenLinköping158,953
20%
SwedenNorrköping140,991
20%
IcelandReykjanesbær17,555
18%
SwedenÖrebro150,949
18%
DenmarkEsbjerg115,748
16%
FinlandLahti119,999
16%
SwedenVästerås150,564
15%
NorwayDrammen64,597
14%
FinlandKuopio118,434
13%
NorwayFredrikstad80,977
13%
FinlandVantaa226,160
13%
IcelandAkureyri18,542
13%
FinlandJyväskylä140,812
12%
FinlandPori84,566
12%
NorwaySkien72,537
8%
NorwaySandnes78,624
6%
IcelandKópavogur35,966
6%
IcelandHafnarfjörður29,409
5%

Score Distribution

Percentile by Number Answered

Percent of People with Each Score

Your Score History

You have not taken this quiz since the last reset